000 00394nam a2200157Ia 4500
003 OSt
005 20230529151018.0
008 211028s2015 xx 000 0 und d
040 _cAIMIT LIBRARY
041 _aeng
100 _aBegam, Sheik Sana; Lasrado, Suman.
_98600
_e131923
110 _aSuman Lasrado
_98601
245 _aSchool cinema.
260 _aMangalore
_c2015
942 _2ddc
_cPRO
999 _c219969
_d219969